000 00557nam a2200217Ia 4500
003 OSt
005 20220928140702.0
006 a|||||r|||| 00| 0
007 ta
008 220927b |||||||| |||| 00| 0 eng d
024 _a11038
037 _cTextual
040 _aSDCL
_cSDCL
_beng
041 _2eng
_aeng
082 _aX:77.43'P, P4
100 _aLobo Radhika
_9497014
245 0 _aSoutheast Asian crisis
_b Economic analysis
260 _c2004
942 _hX:77.43'P, P4
_cTEXL
_2CC
999 _c813483
_d813483